ბათუმის შოთა რუსთაველის სახელმწიფო უნივერსიტეტის ბიბლიოთეკა

Sobotta:Atlas of Human Anatomy:Internal Organs (ბიბ.ჩანაწერი № 51283)

000 -LEADER
fixed length control field 00835nam a2200265Ia 4500
001 - CONTROL NUMBER
control field 18247
003 - CONTROL NUMBER IDENTIFIER
control field GE_BSU
008 - FIXED-LENGTH DATA ELEMENTS--GENERAL INFORMATION
fixed length control field 181216s||||||||xx |||||||||||||| ||und||
020 ## - INTERNATIONAL STANDARD BOOK NUMBER
International Standard Book Number 9780702052521
040 ## - CATALOGING SOURCE
Transcribing agency GE_BSU
245 ## - TITLE STATEMENT
Title Sobotta:Atlas of Human Anatomy:Internal Organs
245 ## - TITLE STATEMENT
Statement of responsibility, etc. Edited by:F.Paulsen,and J.Waschke.Translated by:T. Klonisch and S.Hombach- Klonisch
250 ## - EDITION STATEMENT
Edition statement 15 th edition
260 ## - PUBLICATION, DISTRIBUTION, ETC.
Place of publication, distribution, etc. Munchen
260 ## - PUBLICATION, DISTRIBUTION, ETC.
Name of publisher, distributor, etc. Elsevier
260 ## - PUBLICATION, DISTRIBUTION, ETC.
Date of publication, distribution, etc. 2011
300 ## - PHYSICAL DESCRIPTION
Extent 259pages,ill,col,32cm.
300 ## - PHYSICAL DESCRIPTION
Other physical details 363 Colored Plates with 441 Figures
653 ## - INDEX TERM--UNCONTROLLED
Uncontrolled term Atlas of Human Anatomy
653 ## - INDEX TERM--UNCONTROLLED
Uncontrolled term ადამიანის ანატომიის ატლასი
653 ## - INDEX TERM--UNCONTROLLED
Uncontrolled term მედიცინა
653 ## - INDEX TERM--UNCONTROLLED
Uncontrolled term შინაგანი ორგანოები
942 ## - ADDED ENTRY ELEMENTS (KOHA)
Koha item type წიგნი
ეგზემპლარები
Withdrawn status Lost status Damaged status Not for loan Date acquired Barcode Date last seen Price effective from Koha item type Public note
        2018-12-17 46504 (2013 წელი) 2018-12-17 2018-12-17 წიგნი 2013 წელი
        2018-12-17 46863 2018-12-17 2018-12-17 წიგნი  
        2018-12-17 46867 2018-12-17 2018-12-17 წიგნი  
        2018-12-17 46870 2018-12-17 2018-12-17 წიგნი  
        2018-12-17 46874 2018-12-17 2018-12-17 წიგნი